Statistics for Strongest 15 Naruto Shippuden Characters

Click here to take the quiz!

General Stats

  • This quiz has been taken 268 times
  • The average score is 10 of 15

Answer Stats

Hint Answer % Correct
11thNaruto Uzumaki
100%
6thMadara Uchiha
97%
10thSasuke Uchiha
97%
15thKakashi Hatake
85%
9thObito Uchiha
82%
1st StrongestKaguya Otsutsuki
81%
7thHashirama Senju
74%
12thMinato Namikaze
71%
8thTobirama Senju
65%
2ndHagoromo Otsutsuki
56%
14thNagato Uzumaki
56%
13thHiruzen Sarutobi
47%
5thIndra Otsutsuki
43%
4thAsura Otsutsuki
36%
3rdHomura Otsutsuki
7%

Score Distribution

Percentile by Number Answered

Percent of People with Each Score

Your Score History

You have not taken this quiz